000
00285nam a2200109Ia 4500
005
20251222141949.0
008
251222s9999||||xx |||||||||||||| ||spa||
082
_a
REF.153.6/A92/Ej.2
100
_a
Ávila, Hernán
245
0
_a
Diccionario de Psicología de la Comunicación
942
_c
LIB
999
_c
9612
_d
9612